书目信息 |
| 题名: |
教育是美的
|
|
| 作者: | 柳袁照 著 | |
| 分册: | ||
| 出版信息: | 上海 华东师范大学出版社 2017 |
|
| 页数: | 236页 | |
| 开本: | 23cm | |
| 丛书名: | ||
| 单 册: | ||
| 中图分类: | G4-53 , J121 | |
| 科图分类: | ||
| 主题词: | 教育--文集 , 艺术--作品--中国--现代--选集 | |
| 电子资源: | ||
| ISBN: | 978-7-5675-6380-3 | |
| 000 | 01116nam0 2200265 450 | |
| 001 | 326 | |
| 005 | 20180520205520.90 | |
| 010 | @a978-7-5675-6380-3@dCNY45.00 | |
| 100 | @a20171116d2017 em y0chiy50 ea | |
| 101 | 0 | @achi |
| 102 | @aCN@b310000 | |
| 105 | @aa z 000yy | |
| 200 | 1 | @a教育是美的@9jiao yu shi mei de@f柳袁照著 |
| 210 | @a上海@c华东师范大学出版社@d2017 | |
| 215 | @a236页@c照片@d23cm | |
| 300 | @a大夏书系·教育随笔 | |
| 314 | @a柳袁照,男,江苏省苏州第十中学校长,特级校长,正高级中学教师,语文特级教师,教育部中学校长培训中心兼职教授,苏州大学硕士生导师,中国作家协会会员。已出版《老什物》《学校是美的》等教育专著和文学作品。 | |
| 330 | @a本书精选了作者积累多年的图片近200张,有摄影作品,也有艺术品和漫画等。作者以图说教育为主线,选取“做俯下身子的教育”“做有生命质感的教育”“做阳光下个个绽放的教育”“做有一份深邃与神秘的教育”等角度,图文并茂,娓娓道来,意味隽永。 | |
| 606 | 0 | @a教育@j文集 |
| 606 | 0 | @a艺术@x作品@y中国@z现代@j选集 |
| 690 | @aG4-53@v5 | |
| 690 | @aJ121@v5 | |
| 701 | 0 | @a柳袁照@9liu yuan zhao@4著 |
| 801 | 0 | @aCN@b91MARC@c20171116 |
| 905 | @aMuseLib@dG4-53@e210 | |
| 教育是美的/柳袁照著.-上海:华东师范大学出版社,2017 |
| 236页:照片;23cm |
| 大夏书系·教育随笔 |
| ISBN 978-7-5675-6380-3:CNY45.00 |
| 本书精选了作者积累多年的图片近200张,有摄影作品,也有艺术品和漫画等。作者以图说教育为主线,选取“做俯下身子的教育”“做有生命质感的教育”“做阳光下个个绽放的教育”“做有一份深邃与神秘的教育”等角度,图文并茂,娓娓道来,意味隽永。 |
| ● |
| 相关链接 |
|
|
|
|
正题名:教育是美的
索取号:G4-53/210
 
预约/预借
| 序号 | 登录号 | 条形码 | 馆藏地/架位号 | 状态 | 备注 |
| 1 | 1101888 | 211018888 | 第一样本阅览室/ [索取号:G4-53/210] | 在馆 | |
| 2 | 1101889 | 211018897 | 教育系资料室/ [索取号:G4-53/210] | 在馆 | |
| 3 | 1101890 | 211018904 | 教育系资料室/ [索取号:G4-53/210] | 在馆 | |
| 4 | 1101891 | 211018913 | 教育系资料室/ [索取号:G4-53/210] | 在馆 | |
| 5 | 1101892 | 211018922 | 第四借阅区/ [索取号:G4-53/210] | 在馆 | |
| 6 | 1101893 | 211018931 | 第四借阅区/ [索取号:G4-53/210] | 在馆 |